000 00541nam a22001932 4500
001 0000006064
005 20170406121214.0
008 150916s xx 000 0 eng d
020 _c$
040 _aYour Holding Symbol
_cYour Holding Symbol
100 1 _aCarr. David.
245 1 0 _aValues and values education.
250 _a ed.
260 _auniversity of st andrwes :
_bcentre for philosophy,
_c1993.
300 _a36 p. ;
_c cm.
504 _aindex.
650 0 _avalues and values education.
908 _a150916
999 _c5821
_d5821